| 000 | 00384nam a2200145Ia 4500 | ||
|---|---|---|---|
| 008 | 230917s9999||||xx |||||||||||||| ||und|| | ||
| 040 |
_e21580 _aMAIN |
||
| 041 | _aEnglish | ||
| 082 | _a515.35 A37L | ||
| 100 | _aAziz, A K, ed. | ||
| 245 | 0 | _aLecture series in differential equations. V2 | |
| 260 |
_aNew York _bD Van Nostrand Reinhold _c1969 |
||
| 300 | _aiv, 282 p. | ||
| 942 | _cBK | ||
| 999 |
_c131167 _d131167 |
||